00548nam a2200181Ia 4500003000900000008004100009020001800050040001600068080001500084245011800099260004200217300001400259650001600273650001900289650002400308650001200332700002200344IN-BaIIA211028s9999 xx 000 0 eng d a90-277-0936-X cIIA Library a51:53bNON 0aNon-linear equations in physics and mathematicscedited by A. O. Barut  aDordrechtbD. Reidel Publishingc1978 aviii,473p aMathematics aNASA Thesaurus aNonlinear Equations aPhysics aBarut, A. O., ed.